000 00567cam a2200193 i 4500
001 20362567
005 20241028162540.0
008 180220s2017 gh 001 0 eng
020 _a9789988308094
_qHardback
050 0 0 _aKRX3800
_b.A35 2020
100 1 _aAdjei, Dennis Dominic,
_eauthor.
245 1 0 _aContemporary criminal law in Ghana /
_cDennis Dominic Adjei.
250 _aSecond Ed.
260 _aGhana
_bDennis Dominic Adjei
_c2020
300 _axxix, 649 pages ;
_c26 cm
500 _aIncludes index.
650 0 _aCriminal law
_zGhana.
942 _2lcc
_cBK
_n0
999 _c302
_d302